El Parlacen y la integración centroamericana /
Αποθηκεύτηκε σε:
| Κύριος συγγραφέας: | |
|---|---|
| Άλλοι συγγραφείς: | , |
| Μορφή: | Άγνωστο |
| Έκδοση: |
San José:
FLACSO; UNA. Facultad de Ciencias Sociales
|
| Θέματα: | |
| Ετικέτες: |
Προσθήκη ετικέτας
Δεν υπάρχουν, Καταχωρήστε ετικέτα πρώτοι!
|
MARC
| LEADER | 00000 a2200000 04500 | ||
|---|---|---|---|
| 001 | 10769 | ||
| 003 | cru IIS | ||
| 005 | 20230321085514.0 | ||
| 008 | 991231s d | ||
| 040 | |c CRAI IIS | ||
| 090 | |a 137204 | ||
| 100 | 1 | |a Carpio Nicolle, Roberto |9 11053 | |
| 245 | |a El Parlacen y la integración centroamericana / |c Roberto Carpio Nicolle | ||
| 260 | |a San José: |b FLACSO; UNA. Facultad de Ciencias Sociales | ||
| 300 | |a 441 p | ||
| 650 | |a ANALISIS HISTORICO | ||
| 650 | |a INTEGRACION REGIONAL | ||
| 650 | |a FUERZAS ARMADAS | ||
| 650 | |a PAZ | ||
| 650 | |a POLITICA | ||
| 700 | |a comp | ||
| 700 | |a Delgado Rojas, Jaime Gerardo | ||
| 700 | |a comp | ||
| 942 | |2 ddc |c LI | ||
| 999 | |c 15164 |d 15164 | ||
| 773 | 0 | |0 118 |9 6661 |a Sánchez Oviedo, Olga Marta |d San José: FLACSO; UNA. Facultad de Ciencias Sociales 1993. |o 21952 |t UNA Contribución al debate: |w (cru IIS)10781 |z 9977-68-044-2 | |



